Animal de fondo
Guardat en:
| Autor principal: | |
|---|---|
| Format: | Llibre |
| Idioma: | espanyol |
| Publicat: |
Buenos Aires
Pleamar
1949
|
| Matèries: | |
| Etiquetes: |
Afegir etiqueta
Sense etiquetes, Sigues el primer a etiquetar aquest registre!
|
MARC
| LEADER | 00000nam a2200000 a 4500 | ||
|---|---|---|---|
| 001 | UCQ5263 | ||
| 003 | CL-VaPUC | ||
| 008 | 980925e19490000AG |||||||||||||||||spa|d | ||
| 082 | 0 | 4 | |a 861 |b JIM |2 21 |
| 100 | |a Jiménez, Juan Ramón |e author |9 330181 | ||
| 245 | 1 | 0 | |a Animal de fondo |
| 300 | |a 129 p | ||
| 942 | |c BK | ||
| 945 | |d 19980925 00:00:00 |a crobeson | ||
| 260 | |a Buenos Aires |b Pleamar |c 1949 | ||
| 650 | 0 | |a Poesías españolas |9 265100 | |
| 650 | 0 | |a Literatura española |9 306261 | |
| 583 | |a last modification |c 19980925 00:00:00 |k Rodrigo Vera | ||
| 999 | |c 275478 |d 275476 | ||
| 952 | |0 0 |1 0 |4 0 |6 861_000000000000000_JIM_1949 |7 0 |8 A |9 312227 |a BIBEDU |b BIBEDU |d 2019-11-20 |i 1469711 |o 861 JIM 1949 |p 1469711 |r 2019-11-20 |w 2019-11-20 |y BK |k LIT | ||